Sport and exercise science : (Record no. 6670)

MARC details
000 -LEADER
fixed length control field 01598cam a2200433 i 4500
001 - CONTROL NUMBER
control field 17643441
003 - CONTROL NUMBER IDENTIFIER
control field OSt
005 - DATE AND TIME OF LATEST TRANSACTION
control field 20200224160110.0
008 - FIXED-LENGTH DATA ELEMENTS--GENERAL INFORMATION
fixed length control field 130301s2012 enka b 001 0 eng d
010 ## - LIBRARY OF CONGRESS CONTROL NUMBER
LC control number 2012540535
015 ## - NATIONAL BIBLIOGRAPHY NUMBER
National bibliography number GBB1D1879
Source bnb
016 7# - NATIONAL BIBLIOGRAPHIC AGENCY CONTROL NUMBER
Record control number 015969818
Source Uk
020 ## - INTERNATIONAL STANDARD BOOK NUMBER
International Standard Book Number 9781444144178 (pbk.)
020 ## - INTERNATIONAL STANDARD BOOK NUMBER
International Standard Book Number 1444144170 (pbk.)
035 ## - SYSTEM CONTROL NUMBER
System control number (OCoLC)ocn761380971
040 ## - CATALOGING SOURCE
Original cataloging agency UKMGB
Language of cataloging eng
Description conventions rda
Transcribing agency UKMGB
Modifying agency YDXCP
-- OCLCO
-- YNK
-- CNAUC
-- DLC
042 ## - AUTHENTICATION CODE
Authentication code lccopycat
082 04 - DEWEY DECIMAL CLASSIFICATION NUMBER
Classification number 500
Item number SEW 2012
100 1# - MAIN ENTRY--PERSONAL NAME
Personal name Sewell, Dean.
9 (RLIN) 13715
245 10 - TITLE STATEMENT
Title Sport and exercise science :
Remainder of title an introduction /
Statement of responsibility, etc. Dean Sewell, Philip Watkins and Murray Griffin.
250 ## - EDITION STATEMENT
Edition statement 2nd ed.
264 #1 - PRODUCTION, PUBLICATION, DISTRIBUTION, MANUFACTURE, AND COPYRIGHT NOTICE
Place of production, publication, distribution, manufacture London :
Name of producer, publisher, distributor, manufacturer Hodder Education,
Date of production, publication, distribution, manufacture, or copyright notice 2012.
300 ## - PHYSICAL DESCRIPTION
Extent viii, 376 pages :
Other physical details illustrations, mostly color ;
Dimensions 28 cm
336 ## - CONTENT TYPE
Content type term text
Content type code txt
Source rdacontent
337 ## - MEDIA TYPE
Media type term unmediated
Media type code n
Source rdamedia
338 ## - CARRIER TYPE
Carrier type term volume
Carrier type code nc
Source rdacarrier
500 ## - GENERAL NOTE
General note Previous ed.: London: Hodder Arnold, 2005.
504 ## - BIBLIOGRAPHY, ETC. NOTE
Bibliography, etc Includes bibliographical references and index.
650 #0 - SUBJECT ADDED ENTRY--TOPICAL TERM
Topical term or geographic name as entry element Sports sciences.
9 (RLIN) 13716
650 #0 - SUBJECT ADDED ENTRY--TOPICAL TERM
Topical term or geographic name as entry element Sports
General subdivision Physiological aspects.
9 (RLIN) 13717
650 #0 - SUBJECT ADDED ENTRY--TOPICAL TERM
Topical term or geographic name as entry element Exercise
General subdivision Physiological aspects.
9 (RLIN) 13718
650 #0 - SUBJECT ADDED ENTRY--TOPICAL TERM
Topical term or geographic name as entry element Sports
General subdivision Psychological aspects.
9 (RLIN) 13719
650 #0 - SUBJECT ADDED ENTRY--TOPICAL TERM
Topical term or geographic name as entry element Exercise
General subdivision Psychological aspects.
9 (RLIN) 13720
700 1# - ADDED ENTRY--PERSONAL NAME
Personal name Watkins, Philip
Fuller form of name (Philip Huw)
9 (RLIN) 13721
700 1# - ADDED ENTRY--PERSONAL NAME
Personal name Griffin, Murray.
9 (RLIN) 13722
906 ## - LOCAL DATA ELEMENT F, LDF (RLIN)
a 7
b cbc
c copycat
d 2
e ncip
f 20
g y-gencatlg
942 ## - ADDED ENTRY ELEMENTS (KOHA)
Source of classification or shelving scheme Dewey Decimal Classification
Koha item type Open Shelf
Holdings
Withdrawn status Lost status Source of classification or shelving scheme Damaged status Not for loan Home library Current library Date acquired Source of acquisition Inventory number Total Checkouts Full call number Barcode Date last seen Price effective from Koha item type
    Dewey Decimal Classification     MUST Main Library MUST Main Library 24/02/2020 Donation 2014/37791   500 SEW 2012 2020-0589 24/02/2020 24/02/2020 Open Shelf